কবিতাসংগ্রহ / (Record no. 47970)
[ view plain ]
| 000 -LEADER | |
|---|---|
| fixed length control field | 00966nam a2200253 a 4500 |
| 001 - CONTROL NUMBER | |
| control field | 47970 |
| 003 - CONTROL NUMBER IDENTIFIER | |
| rucl marc code | BD-RjUL |
| 005 - DATE AND TIME OF LATEST TRANSACTION | |
| control field | 20211209054431.0 |
| 008 - FIXED-LENGTH DATA ELEMENTS--GENERAL INFORMATION | |
| fixed length control field | 160811s1966 ii ||||| |||| 00| 0 ben d |
| 020 ## - INTERNATIONAL STANDARD BOOK NUMBER | |
| Terms of availability | : Tk. 22.00 |
| 035 ## - SYSTEM CONTROL NUMBER | |
| System control number | (BD-RjUL)48089 |
| 040 ## - CATALOGING SOURCE | |
| Original cataloging agency | BD-RjUL |
| Language of cataloging | ben |
| Transcribing agency | BD-RjUL |
| 041 ## - LANGUAGE CODE | |
| Language code of text/sound track or separate title | ben |
| 082 ## - DEWEY DECIMAL CLASSIFICATION NUMBER | |
| Edition number | 23 |
| Classification number | 891.4408 |
| Author mark and year | AMK 1979 |
| 100 1# - MAIN ENTRY--PERSONAL NAME | |
| Personal name | চক্রবর্তী, অমিয় |
| 9 (RLIN) | 127518 |
| 245 1# - TITLE STATEMENT | |
| Title | কবিতাসংগ্রহ / |
| Statement of responsibility, etc. | অমিয় চক্রবর্তী |
| 260 ## - PUBLICATION, DISTRIBUTION, ETC. (IMPRINT) | |
| Place of publication, distribution, etc. | কলকাতা : |
| Name of publisher, distributor, etc. | দে'জ পাবলিশিং, |
| Date of publication, distribution, etc. | ১৯৭৭-৭৯ |
| 300 ## - PHYSICAL DESCRIPTION | |
| Pagination | খণ্ড ; |
| Size | ২১ সেমি. |
| 505 ## - FORMATTED CONTENTS NOTE | |
| Formatted contents note | খণ্ড. ১-- খণ্ড. ২ -- |
| 650 ## - SUBJECT ADDED ENTRY--TOPICAL TERM | |
| Topical term or geographic name as entry element | বাংলা সাহিত্য |
| Form subdivision | সংগৃহীত কাজ |
| 9 (RLIN) | 145415 |
| Topical term or geographic name as entry element | Bengali litterature |
| Form subdivision | Collective work |
| 9 (RLIN) | 145416 |
| 700 ## - ADDED ENTRY--PERSONAL NAME | |
| Personal name | গুহ, নরেশ, সম্পাদক |
| 942 ## - ADDED ENTRY ELEMENTS (KOHA) | |
| Source of classification or shelving scheme | Dewey Decimal Classification |
| Koha item type | Books |
| Lost status | Source of classification or shelving scheme | Damaged status | Not for loan | Collection code | Permanent Location | Current Location | Shelving location | Date acquired | Source of acquisition | Cost, normal purchase price | Total Checkouts | Full call number | Date last seen | Date checked out | Copy number | Koha item type |
|---|---|---|---|---|---|---|---|---|---|---|---|---|---|---|---|---|
| Dewey Decimal Classification | Non-fiction | Central Library, University of Rajshahi | Central Library, University of Rajshahi | 19/08/1982 | Aligor Library, Rajshahi | 66.00 | 4 | B 891.4408 AMK V-2 1979 | 03/03/2024 | 11/02/2024 | C-2 | Books | ||||
| Dewey Decimal Classification | Non-fiction | Central Library, University of Rajshahi | Central Library, University of Rajshahi | 19/08/1982 | Aligor Library, Rajshahi | 66.00 | 2 | B 891.4408 AMK V-1 1977 | 20/03/2024 | 11/02/2024 | C-2 | Books | ||||
| Dewey Decimal Classification | Non-fiction | Central Library, University of Rajshahi | Central Library, University of Rajshahi | 07/01/1997 | Ankur Prokasoni, Dhaka | 50.00 | 1 | B 891.4408 AMK V-2 1979 | 08/02/2024 | 25/01/2024 | C-4 | Books |